Η ελληνική επιβατηγός ναυτιλία : χρονικό 1921-2001 : ένα ταξίδι σε ήρεμα και φουρτουνιασμένα νερά

Saved in:
Bibliographic Details
Main Author: Τζαμτζής, Αναστάσιος Ι.
Corporate Author: Ένωσης Εφοπλιστών Επιβατηγών Πλοίων
Format: Book
Language:Greek
Published: Αθήνα : Μιλητός, [2002?)
Subjects:
Tags: Add Tag
No Tags, Be the first to tag this record!

MARC

LEADER 00000cam a2200000 i 4500
001 1/87900
008 051021s2002 gre d
020 |a 960-8033-02-0 
035 |l 10080939 
040 |a GR-MY-UA  |b gre  |e aacr 
041 0 |a gre 
082 0 |a 387.24309495  |2 (22) 
100 1 |a Τζαμτζής, Αναστάσιος Ι. 
245 1 2 |a Η ελληνική επιβατηγός ναυτιλία :  |b χρονικό 1921-2001 : ένα ταξίδι σε ήρεμα και φουρτουνιασμένα νερά /  |c Α. Ι. Τζαμτζής 
260 |a Αθήνα :   |b Μιλητός,   |c [2002?) 
300 |a 204 σ.;  |b έγχρ. εικ.;  |c 30 εκ. 
500 |a Επετειακή έκδοση της Ενωσεως Εφοπλιστών Επιβατηγών Πλοίων 
650 0 0 |a Shipping  |z Greece  |x History  |y 19th century. 
650 0 0 |a Shipping  |z Greece  |x History  |y 20th century. 
710 2 |a Ένωσης Εφοπλιστών Επιβατηγών Πλοίων. 
852 |a INST  |b LESVOS  |e 20051021  |h 387.24309495 ΤΖΑ  |p 005100032865  |q 005100032865  |t BK  |y 0 
901 |a BIBL1-2005-3 
909 |a Λ  |b 124385 
922 |a 1ΕΛΗ  |b 200510  |c Παράρτημα Λέσβου  |d Χατζηδανιήλ 
970 |a Καρά  |b Γιασεμή  |z 2005/10/21